Fundamentos de ética / (Registro nro. 2315)

Detalles MARC
000 -LEADER
fixed length control field 01191nam a2200313 a 4500
005 - FECHA ULTIMA MODIFICACION
control field 20240412132322.0
008 - CAMPO DE CONTROL (LIBRO)
fixed length control field 100702t1972||||ag f |||| 001 0 spa d
020 ## - INTERNATIONAL STANDARD BOOK NUMBER
ISBN S/N
041 ## - CODIGO DE IDIOMA
Código de idioma del texto/pista de sonido o título separado spa
092 ## - SIGNATURA TOPOGRAFICA DEWEY LOCAL
número de clasificación 170
libristica 75
sección ROS
100 1# - ENTRADA PRINCIPAL--NOMBRE PERSONAL
Nombre personal Ross, David
9 (RLIN) 3168
245 ## - TITULO PROPIAMENTE DICHO
Título Fundamentos de ética /
Mención de responsabilidad y remanente de la transcripción de la portada David Ross.
250 ## - MENCION DE EDICION
Mención de edición 1a ed.
Mención de responsabilidad relacionada con la ed. Traducción de Dionisia Rivero y Andrés Pirk.
260 ## - PIE DE IMPRENTA
Lugar de publicación, distribución, etc Buenos Aires:
Nombre de la editorial, distribuidor, etc Editorial Universitaria de Buenos Aires (EUDEBA);
Fecha de publicación 1972.
300 ## - DESCRIPCION FISICA
Extension 283 p.
500 ## - NOTA GENERAL
Nota general Ross, D. (1972). Fundamentos de ética. (1a ed.). Buenos Aires : EUDEBA.
590 ## - NOTAS LOCALES (RLIN)
Nota local Donación Dora Vera, febrero 2017
653 ## - TÉRMINO INDIZADO - PALABRAS CLAVES
Palabra clave Definiciones naturalistas de "correcto"
653 #3 - TÉRMINO INDIZADO - PALABRAS CLAVES
Palabra clave La naturaleza de la corrección y la obligación
653 ## - TÉRMINO INDIZADO - PALABRAS CLAVES
Palabra clave Teorías acerca del fundamento de la correción
653 #3 - TÉRMINO INDIZADO - PALABRAS CLAVES
Palabra clave La obligación de cumplir las promesas
653 ## - TÉRMINO INDIZADO - PALABRAS CLAVES
Palabra clave Naturaleza general de lo correcto. Consideración positiva de la cuestión.
653 #3 - TÉRMINO INDIZADO - PALABRAS CLAVES
Palabra clave El conocimiento de lo correcto
653 #3 - TÉRMINO INDIZADO - PALABRAS CLAVES
Palabra clave La psicología de la acción moral
653 ## - TÉRMINO INDIZADO - PALABRAS CLAVES
Palabra clave Indeterminación e indeterminismo
653 ## - TÉRMINO INDIZADO - PALABRAS CLAVES
Palabra clave Naturaleza de la bondad
653 #3 - TÉRMINO INDIZADO - PALABRAS CLAVES
Palabra clave La bondad moral
942 ## - ADDED ENTRY ELEMENTS (KOHA)
Source of classification or shelving scheme Dewey Decimal Classification
Item type Libros
Existencias
Estado de retiro Existencia Fuente de clasificación Estado general No para prestamo Ubicación permanente ubicación actual Sala de ubicación Fecha de adquisición Fuente de adquisición Total Checkouts Número de clasificación Código de barras Date last seen Número de ejemplar Price effective from Koha tipo de elemento (item) Public note
    Dewey Decimal Classification     Biblioteca Medicina Biblioteca Medicina Circulación 21/02/2017 Donación Dora Vera, febrero 2017   170 75 ROS 3808 21/02/2017 Ej.1 21/02/2017 Libros Donación Dora Vera, febrero 2017

UNIVERSIDAD NACIONAL DEL COMAHUE
Biblioteca de la Facultad de Ciencias Médicas
Sede Toschi: Los Arrayanes y Av. Toschi, Cipolletti  - Rio Negro
Sede Los Tordos:  Yrigoyen al 2211, Cipolletti - Rio Negro 

Teléfono: 0299 - 4774707 int 25
Contacto: biblioteca@facimed.uncoma.edu.ar
© 2011 - 2026